Sor Angélica detective
Αποθηκεύτηκε σε:
| Κύριος συγγραφέας: | |
|---|---|
| Μορφή: | Βιβλίο |
| Γλώσσα: | Ισπανικά |
| Έκδοση: |
Santiago
Pehuén
1997
|
| Έκδοση: | 1a. ed |
| Σειρά: | Colección moby dick
|
| Θέματα: | |
| Ετικέτες: |
Προσθήκη ετικέτας
Δεν υπάρχουν, Καταχωρήστε ετικέτα πρώτοι!
|
MARC
| LEADER | 00000nam a2200000 a 4500 | ||
|---|---|---|---|
| 001 | UCH8170 | ||
| 003 | CL-VaPUC | ||
| 008 | 091127e19970000CL |||||||||||||||||spa|d | ||
| 020 | |a 9561602458 | ||
| 082 | 0 | 4 | |a 843 |b CAT |2 21 |
| 100 | 0 | |a Catalán, Henry |e author |9 544616 | |
| 245 | 1 | 0 | |a Sor Angélica detective |
| 250 | |a 1a. ed | ||
| 300 | |a 162 p | ||
| 942 | |c BK | ||
| 945 | |d 20091127 00:00:00 |a ccalabra | ||
| 260 | |a Santiago |b Pehuén |c 1997 | ||
| 500 | |a 12-16 años | ||
| 650 | 0 | |a Literatura |9 259151 | |
| 650 | 0 | |a Literatura francesa |9 266330 | |
| 650 | 0 | |a Literatura infantil |9 307465 | |
| 650 | 0 | |a Novela francesa |9 264985 | |
| 650 | 0 | |a Escritores franceses |9 450149 | |
| 650 | 0 | |a Lectura |9 307634 | |
| 650 | 0 | |a Ficción |9 376687 | |
| 650 | 0 | |a Narrativa |9 336727 | |
| 651 | 0 | |a Francia |9 255157 | |
| 583 | |a last modification |c 20091127 00:00:00 |k Rodrigo Vera | ||
| 490 | 0 | |a Colección moby dick | |
| 999 | |c 338404 |d 338402 | ||